[Event "Reykjavik Open 2015"]
[Site "Reykjavik, "]
[Date "2015.03.16"]
[Round "8.115"]
[White "Davidsson, Oskar Vikingur"]
[Black "Kruglyak, Mikhail"]
[Result "1-0"]
[WhiteElo "1454"]
[BlackElo "1775"]
[PlyCount "91"]
[EventDate "2015.03.10"]

1. e4 c6 2. d4 d5 3. Nc3 dxe4 4. Nxe4 Nf6 5. Nxf6+ gxf6 6. c3 Bf5 7. Nf3 e6 8.
Bf4 Nd7 9. Bd3 Bxd3 10. Qxd3 Nb6 11. O-O Bd6 12. Bxd6 Qxd6 13. Rfe1 Nd5 14. g3
h5 15. a3 O-O-O 16. c4 Ne7 17. b4 Ng6 18. Rab1 h4 19. c5 Qd5 20. a4 Rdg8 21.
Qe4 Qd7 22. b5 f5 23. bxc6 Qxc6 24. Qxc6+ bxc6 25. Rb3 Kc7 26. Reb1 Rb8 27.
Rxb8 Rxb8 28. Rxb8 Kxb8 29. Nxh4 Kb7 30. Nxg6 fxg6 31. f3 Ka6 32. h4 Ka5 33. g4
Kxa4 34. h5 gxh5 35. gxh5 Kb3 36. h6 a5 37. h7 a4 38. h8=Q a3 39. Qb8+ Kc2 40.
Qa7 Kb2 41. Qb8+ Kc2 42. Qb4 a2 43. Qa3 Kb1 44. Qb3+ Ka1 45. Qc2 f4 46. Qc1#
1-0

[Event "Reykjavik Open 2015"]
[Site "Reykjavik, "]
[Date "2015.03.16"]
[Round "8.116"]
[White "Runarsson, Gunnar"]
[Black "Gasanova, Ulker"]
[Result "1-0"]
[WhiteElo "2049"]
[BlackElo "1645"]
[PlyCount "53"]
[EventDate "2015.03.10"]

1. e4 c5 2. Nf3 d6 3. d4 cxd4 4. Nxd4 Nf6 5. Nc3 a6 6. Be2 e6 7. Be3 Be7 8. O-O
b5 9. a3 Bb7 10. f3 Nbd7 11. Qd2 O-O 12. Bd3 Ne5 13. b3 Rc8 14. Nce2 d5 15.
exd5 Bxd5 16. a4 Nxd3 17. Qxd3 Bc5 18. axb5 axb5 19. Qxb5 e5 20. Nf5 Bxe3+ 21.
Nxe3 Bc6 22. Qa5 Qe7 23. Rfd1 Rfd8 24. Nf5 Qf8 25. Rxd8 Rxd8 26. Qc7 Qc5+ 27.
Kh1 1-0

[Event "Reykjavik Open 2015"]
[Site "Reykjavik, "]
[Date "2015.03.16"]
[Round "8.117"]
[White "Palmeri, Ralph P"]
[Black "Kenney, David"]
[Result "1/2-1/2"]
[WhiteElo "1642"]
[BlackElo "1885"]
[PlyCount "96"]
[EventDate "2015.03.10"]

1. e4 c5 2. Nf3 a6 3. g3 d6 4. d3 g6 5. Bg2 Bg7 6. c3 Nf6 7. Nbd2 O-O 8. O-O
Qc7 9. Re1 b5 10. Qc2 Bb7 11. Nf1 Nbd7 12. Bg5 h6 13. Bf4 e5 14. Bd2 Rac8 15.
Nh4 d5 16. Rad1 dxe4 17. dxe4 c4 18. Be3 Nc5 19. Bxc5 Qxc5 20. Ne3 Rcd8 21.
Rxd8 Rxd8 22. Rd1 Rxd1+ 23. Nxd1 Qd6 24. f3 Nd7 25. Bf1 Nc5 26. Nf2 h5 27. Ng2
Bf8 28. Be2 Ne6 29. Kf1 Qd7 30. Qd1 Qc7 31. Ne3 Bc5 32. Nd5 Qd8 33. Ke1 Kg7 34.
Qd2 Nc7 35. Nxc7 Qxc7 36. Nd1 Qb6 37. Bf1 Bc8 38. Qd5 Qc7 39. Ke2 Be6 40. Qd2
Bb6 41. Ke1 Qc5 42. Qg2 a5 43. a3 b4 44. axb4 axb4 45. Qf2 Qc6 46. Qd2 bxc3 47.
bxc3 Qc5 48. Nb2 Ba5 1/2-1/2

[Event "Reykjavik Open 2015"]
[Site "Reykjavik, "]
[Date "2015.03.16"]
[Round "8.118"]
[White "Johansen, Lars"]
[Black "Finnsson, Johann Arnar"]
[Result "1-0"]
[WhiteElo "1855"]
[BlackElo "1491"]
[PlyCount "73"]
[EventDate "2015.03.10"]

1. d4 g6 2. e4 d6 3. Nc3 Nc6 4. Be3 Nf6 5. h3 Bg7 6. f4 O-O 7. Nf3 e6 8. Qd2 d5
9. e5 Ne4 10. Nxe4 dxe4 11. Ng5 f5 12. Bc4 Qe7 13. g4 h6 14. gxf5 hxg5 15. f6
Bxf6 16. exf6 Qxf6 17. fxg5 Qf3 18. Rf1 Qg3+ 19. Bf2 Qxh3 20. O-O-O Qg2 21. Qe3
Na5 22. Be2 Bd7 23. Bg3 Rxf1 24. Rxf1 Rf8 25. Rg1 Qh3 26. Qxe4 Qf5 27. Qh4 Rf7
28. Rf1 Qd5 29. Rxf7 Kxf7 30. Qh7+ Kf8 31. Qh8+ Ke7 32. Qf6+ Ke8 33. Qxg6+ Kf8
34. Qh6+ Kg8 35. Be5 Kf7 36. Qf6+ Ke8 37. Bh5# 1-0

[Event "Reykjavik Open 2015"]
[Site "Reykjavik, "]
[Date "2015.03.16"]
[Round "8.119"]
[White "Ugland, Torge"]
[Black "Stuhr, Finn"]
[Result "1/2-1/2"]
[WhiteElo "1636"]
[BlackElo "1823"]
[PlyCount "41"]
[EventDate "2015.03.10"]

1. e4 e5 2. Nf3 Nc6 3. d4 exd4 4. Bc4 Bc5 5. O-O d6 6. c3 Bg4 7. Qb3 Qd7 8.
Bxf7+ Qxf7 9. Qxb7 Kd7 10. Qxa8 Bxf3 11. gxf3 Qxf3 12. e5 dxe5 13. b4 Bd6 14.
b5 Qg4+ 15. Kh1 Qf3+ 16. Kg1 Qg4+ 17. Kh1 Qf3+ 18. Kg1 Qg4+ 19. Kh1 Qf3+ 20.
Kg1 Qg4+ 21. Kh1 1/2-1/2

[Event "Reykjavik Open 2015"]
[Site "Reykjavik, "]
[Date "2015.03.16"]
[Round "8.120"]
[White "Thoroddsen, Arni"]
[Black "Nicholson, John"]
[Result "0-1"]
[WhiteElo "1611"]
[BlackElo "1808"]
[PlyCount "58"]
[EventDate "2015.03.10"]

1. g3 e5 2. Bg2 f5 3. e4 Nf6 4. d4 exd4 5. e5 Ng4 6. Nf3 Nc6 7. O-O Bc5 8. h3
O-O 9. hxg4 fxg4 10. Ng5 Nxe5 11. Bd5+ Kh8 12. Kg2 c6 13. Nxh7 cxd5 14. Rh1 Kg8
15. b4 Bxb4 16. Qxd4 Qb6 17. Qxd5+ Rf7 18. Be3 Qc6 19. Qxc6 dxc6 20. c3 Ba5 21.
Nd2 Be6 22. Rh5 Bxc3 23. Rc1 Bd5+ 24. Kf1 Bxd2 25. Bxd2 Nd3 26. f4 Nxc1 27.
Bxc1 g6 28. Rg5 Rxh7 29. Bb2 Rh1+ 0-1

[Event "Reykjavik Open 2015"]
[Site "Reykjavik, "]
[Date "2015.03.16"]
[Round "8.121"]
[White "Sigurdsson, Birkir Karl"]
[Black "Sigurvaldason, Hjalmar"]
[Result "1-0"]
[WhiteElo "1767"]
[BlackElo "1450"]
[PlyCount "89"]
[EventDate "2015.03.10"]

1. d4 d5 2. c4 e6 3. Nc3 Nf6 4. cxd5 exd5 5. Bg5 Be7 6. Nf3 h6 7. Bh4 O-O 8. e3
c6 9. Be2 Nh5 10. Bxe7 Qxe7 11. Ne5 Nf6 12. O-O Qc7 13. Rc1 Qb6 14. Na4 Qd8 15.
a3 Nbd7 16. f4 Nb6 17. Nc5 Qe7 18. a4 Bf5 19. Qb3 Rab8 20. Bd3 Bxd3 21. Qxd3
Nfd7 22. Qf5 Nxe5 23. fxe5 Qg5 24. Qxg5 hxg5 25. a5 Nc4 26. Nd7 Nxe3 27. Rf2
Rbd8 28. Nxf8 Rxf8 29. b3 Ng4 30. Rf5 f6 31. a6 Rb8 32. h3 Nh6 33. Rf3 fxe5 34.
dxe5 g4 35. Rd3 bxa6 36. Rxc6 Nf7 37. Rxd5 g3 38. e6 Nd8 39. Rxa6 Rc8 40. Kf1
Kf8 41. Ke2 Nc6 42. Rd6 Nb4 43. Rxa7 Rc2+ 44. Rd2 Rc3 45. Rd8# 1-0

[Event "Reykjavik Open 2015"]
[Site "Reykjavik, "]
[Date "2015.03.16"]
[Round "8.122"]
[White "Steingrimsson, Karl Egill"]
[Black "Davidsson, Stefan Orri"]
[Result "1-0"]
[WhiteElo "1720"]
[BlackElo "1038"]
[PlyCount "59"]
[EventDate "2015.03.10"]

1. Nf3 Nf6 2. d4 e6 3. g3 b6 4. Bg2 Bb7 5. O-O d5 6. Nc3 c5 7. e3 Ba6 8. Re1 c4
9. a3 Bb7 10. Ne5 Nfd7 11. Nxc4 Nc6 12. Nd2 Be7 13. Nf3 O-O 14. e4 dxe4 15.
Nxe4 Nf6 16. Nxf6+ Bxf6 17. c3 Qd5 18. Ne5 Qd6 19. Bf4 Bxe5 20. Bxe5 Qd7 21.
Bf4 Ne7 22. Bxb7 Qxb7 23. Bd6 Qd7 24. Bxe7 Qxe7 25. Qg4 Qf6 26. Re5 Qh6 27.
Rae1 Rfd8 28. h4 Rd6 29. Rh5 Qf6 30. Qe4 1-0

[Event "Reykjavik Open 2015"]
[Site "Reykjavik, "]
[Date "2015.03.16"]
[Round "8.124"]
[White "Sigurdarson, Alec Elias"]
[Black "Fjallheim, Elmar"]
[Result "1-0"]
[WhiteElo "1348"]
[BlackElo "1678"]
[PlyCount "41"]
[EventDate "2015.03.10"]

1. e4 e6 2. d4 d5 3. Nc3 dxe4 4. Nxe4 Bd7 5. c4 Bc6 6. Nc3 Nf6 7. Nf3 Be7 8.
Ne5 O-O 9. Be3 Be4 10. Nxe4 Nxe4 11. Bd3 Bb4+ 12. Kf1 Nf6 13. c5 c6 14. Qb3 Nd5
15. a3 Nxe3+ 16. fxe3 f6 17. Qxe6+ Kh8 18. Nf7+ Rxf7 19. Qxf7 Bxc5 20. Qh5 f5
21. Qxf5 1-0

[Event "Reykjavik Open 2015"]
[Site "Reykjavik, "]
[Date "2015.03.16"]
[Round "8.125"]
[White "Chadwick, Susan E"]
[Black "Lee, Gudmundur Kristinn"]
[Result "0-1"]
[WhiteElo "1370"]
[BlackElo "1676"]
[PlyCount "64"]
[EventDate "2015.03.10"]

1. d4 d5 2. Nf3 Nf6 3. e3 Bf5 4. Be2 e6 5. O-O c5 6. b3 Nc6 7. Bb2 Bd6 8. c3
O-O 9. Nbd2 Rc8 10. Rc1 Ne7 11. Nh4 Qc7 12. f4 a6 13. c4 Qb6 14. Nhf3 Ng4 15.
Ne5 Nxe3 16. Nd7 Qc7 17. Qe1 Qxd7 18. Qg3 Nxf1 19. Rxf1 Ng6 20. Kh1 Qc7 21. Nf3
Bxf4 22. Qe1 Be4 23. Ne5 Nxe5 24. Rxf4 Nd3 25. Qc3 Nxf4 26. Bf3 Bxf3 27. gxf3
cxd4 28. Qxd4 e5 29. Qg1 d4 30. Qg5 Qc6 31. Qg3 Rfe8 32. Qg4 Re6 0-1

[Event "Reykjavik Open 2015"]
[Site "Reykjavik, "]
[Date "2015.03.16"]
[Round "8.127"]
[White "Rist, Karl-Johan"]
[Black "Kristbergsson, Bjorgvin"]
[Result "1-0"]
[WhiteElo "1677"]
[BlackElo "1159"]
[PlyCount "44"]
[EventDate "2015.03.10"]

1. d4 Nf6 2. c4 c6 3. Nf3 h6 4. Nc3 g6 5. e4 d6 6. Be2 Bd7 7. Qc2 Qc8 8. O-O
Na6 9. a3 Rg8 10. Re1 g5 11. e5 Nh5 12. exd6 Bh3 13. d7+ Bxd7 14. Ne5 Nf4 15.
Bxf4 gxf4 16. Bh5 Be6 17. Qe2 Qc7 18. Rad1 Bh3 19. Bxf7+ Kd8 20. Bxg8 f3 21.
Qxf3 Bg7 22. Qxh3 Bxe5 1-0

[Event "Reykjavik Open 2015"]
[Site "Reykjavik, "]
[Date "2015.03.16"]
[Round "8.128"]
[White "Lemery, Jon Thor"]
[Black "Paillat, Cecile"]
[Result "1/2-1/2"]
[WhiteElo "1273"]
[BlackElo "1485"]
[PlyCount "69"]
[EventDate "2015.03.10"]

1. e4 e6 2. d3 d5 3. Nd2 c5 4. c3 Nf6 5. e5 Nfd7 6. d4 Nc6 7. Ngf3 Be7 8. Be2
O-O 9. O-O a6 10. Qc2 b5 11. a3 Bb7 12. h3 Rc8 13. Nb3 cxd4 14. Nbxd4 Nxd4 15.
Nxd4 Nxe5 16. Bf4 Ng6 17. Bg3 Bf6 18. Nf3 Rc5 19. Rad1 Qa8 20. Bd6 Rfc8 21.
Bxc5 Rxc5 22. Qd2 e5 23. Rfe1 e4 24. Nd4 Rc8 25. Bg4 Rd8 26. Bf5 Nh4 27. Bg4 h6
28. Qe2 Bc8 29. Rd2 Bxg4 30. Qxg4 Ng6 31. Qg3 Re8 32. Ree2 Nf4 33. Re1 Nd3 34.
Ree2 Qd8 35. Nf5 1/2-1/2